000 00423pam a2200157 a 4500
020 _a9780198853435
_c
041 _aeng
082 _a616
_bFIR
100 _aFIRTH J.D., CONLOL C.P. , COX T.M. .
245 _aOXPORD TEXTBOOK OF MEDICINE : VAL.3 SECTION 16-21
_hTextual Documents
250 _a6.
260 _bOXFORD UNIVERSITY PRESS
_c2020
300 _a5166:
_bXLIII+
_eHB.
930 _a9142
999 _c803669
_d803669
650 _aGEN.MEDICINE